LEADER 00910nam a2200229 i 4500 001 000000203242 003 CaOOAMICUS 005 20120119000000.0 008 120119s1970 it u000 u ita u 013 $a181954 040 $aSeMil$bita 245 13$aLa vita e il tempo di Gengis Khan. 260 $aMilano :$bArnoldo Mondadori Editore,$c1970. 300 $a126 p. :$bill. ;$c23 cm. 490 0 $aI grandi della storia ;$v5 650 4$aGenghiz Khan .$0(OLS)http://semarc/subject/17151 830 2$aI grandi della storia ;$v5.$0(OLS)http://semarc/title/8377 850 $aSeMil 852 $aSeMil$W1$xVenegono$y1$m3W I 324$j153738$B153738$CSeMilBibl$Z2$F172031 $81 961 $aOmaggio: Istituto San Vincenzo 996 $6245$aLa vita e il tempo di Gengis Khan$9(OLS)http://semarc/title/294261 996 $6260$aMilano :$bArnoldo Mondadori Editore$9(OLS)http://semarc/publisher/30056 LEADER 01058nam a2200253 i 4500 001 000000118787 003 CaOOAMICUS 005 20050503000000.0 008 050503s1979 it u000 u ita u 013 $a91480 040 $aSeMil$bita 100 1 $aVerga, Giovanni,$d<1840-1922>.$0(OLS)http://semarc/name/3542 245 10$aRacconti milanesi /$cGiovanni Verga ; presentazione di Edoardo Sanguineti. 260 $aRocca San Casciano :$bCappelli,$ccopyr. 1979. 300 $a175 p. ;$c19 cm. 490 0 $aIl calendario ;$v1 650 4$aLetteratura dialettale - Milano.$0(OLS)http://semarc/subject/26609 700 1 $aSanguineti, Edoardo <1930-2010>.$0(OLS)http://semarc/name/13332 830 3$aIl calendario ;$v1.$0(OLS)http://semarc/title/11819 850 $aSeMil 852 $aSeMil$W1$xVenegono$y1$m1B II 73$j74053$B74053$CSeMilBibl$Z2$F96913 $81 961 $aOmaggio: Poma mons. Gianfranco 996 $6245$aRacconti milanesi$9(OLS)http://semarc/title/174506 996 $6260$aRocca San Casciano :$bCappelli$9(OLS)http://semarc/publisher/32150